000 00572nam a22001817a 4500
005 20170703104950.0
010 _aENG-118538
020 _a9789381506967
_c599.00
035 _aEN-102070
037 _bDBAD/PUB
082 _aS
245 _aThe collected works of homen borgohain :
_ctranslated by Pradipta Borgohain
_bshort stories and novellas /
260 _aNew Delhi
_bAmarllis
_c2017
270 _a7/32, Ansari Road, Dariyaganj
_bNew Delhi
_e110002
300 _avii,389p.
_c22cm(Hb)
700 _atranslated by Borgohain, Pradipta
942 _2ddc
_cEN
_mBOR
_hS
999 _c140769
_d140769